| 000 | 00447nam a2200157Ia 4500 | ||
|---|---|---|---|
| 008 | 220214s9999 xx 000 0 und d | ||
| 100 | _aJacob JL | ||
| 245 | 0 | _aLa fructose-6-phosphate phosphotransferase enzyme regulatrice du metabolisme des laticiferes | |
| 260 |
_bCaoutchoucs et Plastiques _c1991 |
||
| 300 | _a113-117 | ||
| 700 | _a6aL'Huillier L | ||
| 700 | _aClment-Vidal A | ||
| 700 | _aD'Auzac J | ||
| 700 | _aPrevot JC | ||
| 942 | _cRE | ||
| 999 |
_c46173 _d46173 |
||